• 首页
  • 本馆介绍
  • 公告通知
  • 最新文献
  • 馆藏检索
  • 电子资源
  • 读者导购
  • 参考咨询
  • 我的图书馆
  • 登录
  • 详细信息显示
  • 放入我的书架
  • 预约/预借图书
  • 作者相关作品
  • 分类相关作品
  • 丛书相关作品
  • 出版社相关作品

书目信息

  • 表格格式
  • 工作单格式
  • 卡片格式
题名:
水声学波动问题
    
 
作者: 申罗杰夫 , Шендеров 著 ;何祚镛 , 赵晋英 译
分册:  
出版信息: 北京   国防工业出版社  1983
页数: 386页
开本: 21cm
丛书名:
单 册:
中图分类: O427
科图分类:
主题词: 水体声学-波动(流体) , 波动(流体)-水体声学
电子资源:
ISBN:
000 00859nam0 2200289 45
001 0183011836
005 20040521094209.6
010    @dCNY1.85
091    @a15034.2559
100    @a19950808d1983 emky0chiy0121 ea
101 1  @achi@crus
102    @aCN@b110000
105    @ay z 000yy
106    @ar
200 10 @a水声学波动问题@Ashui sheng xue bo dong wen ti@f(苏)申罗杰夫(Е.Л.Шендеров)著@g何祚镛,赵晋英译
210    @a北京@c国防工业出版社@d1983
215    @a386页@d21cm
606    @a水体声学-波动(流体)
606    @a波动(流体)-水体声学
690    @aO427@v3
701  1 @a申罗杰夫@Ashen luo jie fu@bЕ.Л.@4著
701 A1 @aШендеров@bЕ.Л.@4著
702  0 @a何祚镛@Ahe zuo yong@4译
702  0 @a赵晋英@Azhao jin ying@4译
801  0 @aCN@b上海图书馆@c20040521
801  2 @aCN@bNLC@c20040521
905    @f1@b101373@dO427@e5
    
    水声学波动问题/(苏)申罗杰夫(Е.Л.Шендеров)著/何祚镛,赵晋英译.-北京:国防工业出版社,1983
    386页;21cm
    
    
    ISBN :CNY1.85
    
●
相关链接 在E读中查询图书 在五车中查询图书 在当当中查询图书 在豆瓣中查询图书


正题名:水声学波动问题     索取号:O427/5         预约/预借

序号 登录号 条形码 馆藏地/架位号 状态 备注
1 0101373   001462198   第三借阅区/ [索取号:O427/5] 在馆    
2 0101374   001931743   第三借阅区/ [索取号:O427/5] 在馆    
3 0101375   001462161   第二样本阅览室/ [索取号:O427/5] 在馆    
唐山师范学院图书馆 欢迎您!
大连网信软件有限公司© 版权所有